One hundred years of solitude. (Record no. 10734)
[ view plain ]
| 000 -LEADER | |
|---|---|
| fixed length control field | 00470 a2200181 4500 |
| 020 ## - INTERNATIONAL STANDARD BOOK NUMBER | |
| International Standard Book Number | 9780141032436 |
| 040 ## - CATALOGING SOURCE | |
| Original cataloging agency | DLC |
| Language of cataloging | DLC |
| 082 ## - DEWEY DECIMAL CLASSIFICATION NUMBER | |
| Classification number | 863 |
| 100 ## - MAIN ENTRY--PERSONAL NAME | |
| Personal name | Gabriel Garcia Marquez |
| 245 ## - TITLE STATEMENT | |
| Title | One hundred years of solitude. |
| Statement of responsibility, etc. | Gabriel Garcia Marquez |
| 260 ## - PUBLICATION, DISTRIBUTION, ETC. | |
| Place of publication, distribution, etc. | USA |
| Name of publisher, distributor, etc. | Penguin Book |
| Date of publication, distribution, etc. | 1970 |
| 300 ## - PHYSICAL DESCRIPTION | |
| Extent | 422 p. |
| 600 ## - SUBJECT ADDED ENTRY--PERSONAL NAME | |
| Personal name | Gabriel Garcia Marquez |
| 650 ## - SUBJECT ADDED ENTRY--TOPICAL TERM | |
| Topical term or geographic name entry element | Macondo |
| 651 ## - SUBJECT ADDED ENTRY--GEOGRAPHIC NAME | |
| Geographic name | Latin America |
| 700 ## - ADDED ENTRY--PERSONAL NAME | |
| Relator code | Gabriel Garcia Marquez |
| 942 ## - ADDED ENTRY ELEMENTS (KOHA) | |
| Koha item type | Book |
| Call number prefix | 863 MAR |
| Source of classification or shelving scheme | |
| Withdrawn status | Lost status | Damaged status | Not for loan | Collection code | Permanent Location | Current Location | Shelving location | Date acquired | Source of acquisition | Cost, normal purchase price | Total Checkouts | Total Renewals | Full call number | Barcode | Checked out | Date last seen | Date last checked out | Price effective from | Koha item type |
|---|---|---|---|---|---|---|---|---|---|---|---|---|---|---|---|---|---|---|---|
| Central Library (CL) | Central Library (CL) | General Stacks | 03/13/2012 | Saeed Book Bank | 460.00 | 14 | 10 | 863 MAR | SEECS010886 | 05/27/2026 | 04/27/2026 | 04/27/2026 | 01/05/2017 | Book |
